000 00228 a2200109 4500
001 125170
040 _cEscola Canadense de Niteroi
090 _aC5
100 _aLalau
245 1 0 _aUma Cor, Duas Cores, Todas Elas
942 _cBK
999 _c125170
_d125170